000 00676nam a2200193 a 4500
001 BRCA_2263
005 20190320203733.0
008 031005s2000----mx-a---###---#000-0#spa-#
020 _a968890236
041 _aspa
041 _aeng
050 4 _aLE7.123
_b.E45 2000
100 1 _aElizondo Elizondo, Ricardo
_95331
245 1 0 _aTecnológico de Monterrey el Campus Fundacional
_b1943-1973 semblanza fotográfica
_cRicardo Elizondo Elizondo.
260 _aMéxico
_bInstituto Tecnólogico de Monterrey
_c2000
300 _a338 p.
_bil.
_c29 cm.
610 2 4 _aInstituto Tecnológico y de Estudios Superiores de Monterrey
_vÁlbumes fotográficos
_xHistoria
_96798
942 _2lcc
_cB
999 _c2012
_d2012